000 00393nam a2200181Ia 4500
003 0STCL
008 150530s9999 xx 000 0 und d
040 _aSTCL
_cSTCL
100 _aSubhashchandran, M.C.
245 _aManikal Muzhangunnu
250 _a1
260 _bAuthor
_c1979
300 _a0
546 _aMalayalam
942 _2ddc
_cBK
999 _c48807
_d48807
005 20220125170751.0